000 00736nam a2200217Ia 4500
003 GCL
008 140319s9999 xx 000 0 ara d
020 _a5613419960
040 _aGCL /
_cGCL
082 0 4 _a910.02
_bع م
100 1 _aعبدالله بن ناصر
245 1 0 _aالمدخل الى الجغرافيا الطبيعية و البشرية /
_cعبدالله بن ناصر
250 _aالاولى
260 _aالرياض :
_bمكتبة الملك فهد الوطنية ،
_c2002
300 _a380 ص ؛
_c27 سم
650 0 4 _aالجغرافيا الطبيعية
650 0 4 _aالجغرافيا الاقتصادية
650 0 4 _aالجغرافيا البشرية
650 0 4 _aالارض
942 _2ddc
_cBK
999 _c6947
_d6947